Statistics for Harry Potter Groups of Seven

Click here to take the quiz!

General Stats

  • This quiz has been taken 1,395 times
    (1,297 since last reset)
  • The average score is 37 of 42

Answer Stats

HintAnswer% Correct
Book TitlesHarry Potter and the Chamber of Secrets
97%
Weasley SiblingsGinny
97%
Weasley SiblingsRon
97%
Weasley SiblingsGeorge
97%
Weasley SiblingsFred
97%
The Protectors of the Seven HarrysBill Weasley
96%
Weasley SiblingsPercy
96%
Defense Against the Dark Arts TeachersSeverus Snape
96%
HorcruxesHarry
96%
Book TitlesHarry Potter and the Deathly Hallows
96%
Book TitlesHarry Potter and the Half-Blood Prince
96%
Book TitlesHarry Potter and the Prisoner of Azkaban
96%
Weasley SiblingsBill
96%
Book TitlesHarry Potter and the Philosopher's Stone
95%
HorcruxesNagini
95%
Book TitlesHarry Potter and the Goblet of Fire
95%
Weasley SiblingsCharlie
94%
HorcruxesTom Riddle's Diary
94%
Defense Against the Dark Arts Teachers | The Protectors of the Seven HarrysAlastor Moody
93%
Book TitlesHarry Potter and the Order of the Phoenix
93%
Defense Against the Dark Arts Teachers | The Protectors of the Seven HarrysRemus Lupin
93%
HorcruxesRowena Ravenclaw's Diadem
91%
HorcruxesHelga Hufflepuff's Cup
89%
HorcruxesMarvolo Gaunt's Ring
89%
Defense Against the Dark Arts TeachersDolores Umbridge
89%
Defense Against the Dark Arts TeachersGilderoy Lockhart
89%
HorcruxesSalazar Slytherin's Locket
88%
Subjects Harry and Ron got O.W.L.'s inPotions
88%
Defense Against the Dark Arts TeachersQuirinus Quirrell
86%
Subjects Harry and Ron got O.W.L.'s inDefense Against the Dark Arts
84%
Subjects Harry and Ron got O.W.L.'s inCharms
81%
Subjects Harry and Ron got O.W.L.'s inTransfiguration
80%
The Protectors of the Seven HarrysNymphadora Tonks
74%
Subjects Harry and Ron got O.W.L.'s inHerbology
73%
The Protectors of the Seven HarrysRubeus Hagrid
71%
The Protectors of the Seven HarrysArthur Weasley
69%
The Protectors of the Seven HarrysKingsley Shacklebolt
66%
Defense Against the Dark Arts TeachersAmycus Carrow
63%
Subjects Harry and Ron got O.W.L.'s inCare of Magical Creatures
62%
Subjects Harry and Ron got O.W.L.'s inAstronomy
57%

Score Distribution

Percentile by Number Answered

Percent of People with Each Score

Your Score History

You have not taken this quiz since the last reset